AGELESS BODY TIMELESS MIND A PRACTICAL A (Record no. 28082)

MARC details
000 -LEADER
fixed length control field 00345nam a2200133Ia 4500
008 - FIXED-LENGTH DATA ELEMENTS--GENERAL INFORMATION
fixed length control field 240624s9999 xx 000 0 und d
041 ## - LANGUAGE CODE
Language code of text/sound track or separate title eng
082 ## - DEWEY DECIMAL CLASSIFICATION NUMBER
Classification number 828 CHO
100 ## - MAIN ENTRY--PERSONAL NAME
Personal name CHOPRA DEEPAK
245 ## - TITLE STATEMENT
Title AGELESS BODY TIMELESS MIND A PRACTICAL A
260 ## - PUBLICATION, DISTRIBUTION, ETC.
Date of publication, distribution, etc. 1993
Place of publication, distribution, etc. New Delhi
Name of publisher, distributor, etc. Rider Books
300 ## - PHYSICAL DESCRIPTION
Extent ix, : 357 : p. : cm. ; 19
365 ## - TRADE PRICE
Currency code RS
Holdings
Withdrawn status Lost status Damaged status Not for loan Home library Current library Shelving location Date acquired Cost, normal purchase price Full call number Barcode Date last seen Copy number Price effective from Koha item type
        IMTN IMTN Rack 42-A 10/24/2016 399.00 828 CHO 28082 06/24/2024 1 06/24/2024 Books
Designed & Maintained by: LRC IMT Nagpur Contact: lrc@imtnag.ac.in© 2024. All Rights Reserved.